La entrevista (Record no. 139992)

MARC details
000 -LEADER
campo de control de longitud fija 00591nam a2200193 4500
001 - NÚMERO DE CONTROL
campo de control 139992
003 - IDENTIFICADOR DE NÚMERO DE CONTROL
campo de control ES-MaACL
007 - CAMPO FIJO DE DESCRIPCIÓN FÍSICA--INFORMACIÓN GENERAL
campo de control de longitud fija t|
008 - DATOS DE LONGITUD FIJA--INFORMACIÓN GENERAL
campo de control de longitud fija 070214s1975 sp r ||||1| spa d
100 1# - ENTRADA PRINCIPAL--NOMBRE DE PERSONA
Nombre de persona Schorderet, Louis.
9 (RLIN) 104662
245 13 - MENCIÓN DEL TÍTULO
Título La entrevista
Resto del título : su técnica /
Mención de responsabilidad, etc. Louis Schorderet ; traducción de Marcelo Rojo.
260 ## - PUBLICACIÓN, DISTRIBUCIÓN, ETC.
Lugar de publicación, distribución, etc. Madrid :
Nombre del editor, distribuidor, etc. Oriens,
Fecha de publicación, distribución, etc. 1975.
300 ## - DESCRIPCIÓN FÍSICA
Extensión 197 p. ;
Dimensiones 21 cm.
490 1# - MENCIÓN DE SERIE
Mención de serie Hombres, sistemas, técnicas
700 1# - ENTRADA AGREGADA--NOMBRE PERSONAL
Nombre de persona Rojo, Marcelo.
9 (RLIN) 99099
830 0# - PUNTO DE ACCESO ADICIONAL DE SERIE-TÍTULO UNIFORME
Título uniforme Hombres, sistemas, técnicas
9 (RLIN) 220282
852 ## - LOCALIZACIÓN
Ubicación ES-MaACL
Número de control de estantería E-8439
Sublocalización o colección R.92943
Holdings
Estatus retirado Estado de pérdida Estado de daño No para préstamo Biblioteca de origen Biblioteca actual Ubicación en estantería Fecha de adquisición Fuente de adquisición Total de préstamos Signatura topográfica completa Código de barras Visto por última vez Precio de reemplazo Tipo de ítem Koha
        Biblioteca del Ateneo de Madrid Biblioteca del Ateneo de Madrid Depósito 2 17/01/2008     E-8439 1145680 23/02/2023 23/02/2023 Libro impreso